000 00565nam a2200229Ia 4500
003 OSt
005 20220918210205.0
006 a|||||r|||| 00| 0
007 ta
008 220917b |||||||| |||| 00| 0 eng d
024 _a119,534
037 _cTextual
040 _aARTS
_cARTS
_beng
041 _2eng
_aeng
082 _aV682:1:N3, H61
100 _aBentwich N
_9117378
245 0 _aEthiopia Eritera and Somaliland
260 _c1946
650 _aHISTORY
942 _hV682:1:N3, H61
_cTEXL
_2CC
999 _c242798
_d242798